000 00301pab a2200133 454500
008 180718b1986 xxu||||| |||| 00| 0 eng d
100 _aSen, Sudhir
245 _aThe federal reserve shifts gear
260 _c1986
300 _a100-2
650 _aBudget - U.S.A.
773 _aCapital
909 _a4853
999 _c4853
_d4853